00336 2200145 4500001002100000005001500021035002000036245003100056100001700087250000600104260003400110082000800144084001400152990002400166INLIS00000000000247820250604110452 a0010-06250000641 aPergolakan /cWildan Yatim0 aWildan Yatim a1 aJakarta :bPernasional,c1999 a813 a813 WIL p a02.1790 s/d 02.1799